Calcio - trasferimenti più costosi di sempre - Statistics

Statistiche generali
  • Questo quiz è stato fatto 851 volte
    368 dall'ultimo reset
  • Il punteggio medio è 37 su 55
Statistiche sulle risposte
Posizione Calciatore Da... A... Cifra sborsata (in euro) Anno % Corretto
2 Kylian Mbappé Monaco PSG 180 milioni 2018
99%
1 Neymar Barcellona PSG 222 milioni 2017
99%
24 Neymar PSG Al-Hilal 90 milioni 2023
99%
27 Neymar Santos Barcellona 88 milioni 2013
99%
11 Cristiano Ronaldo Real Madrid Juventus 117 milioni 2019
98%
22 Cristiano Ronaldo Manchester United Real Madrid 94 milioni 2009
98%
24 Gonzalo Higuain Napoli Juventus 90 milioni 2016
88%
7 Florian Wirtz Bayer Leverkusen Liverpool 125 milioni 2025
87%
16 Paul Pogba Juventus Manchester United 105 milioni 2016
87%
3 Philippe Coutinho Liverpool Barcellona 145 milioni 2018
86%
15 Romelu Lukaku Inter Chelsea 113 milioni 2021
85%
33 Romelu Lukaku Everton Manchester United 84,7 milioni 2017
85%
5 Alexander Isak Newcastle United Liverpool 144 milioni 2025
84%
19 Harry Kane Tottenham Bayern Monaco 100 milioni 2023
82%
3 Ousmane Dembélé Borussia Dortmund Barcellona 145 milioni 2017
82%
6 João Félix Benfica Atletico Madrid 127,2 milioni 2019
81%
17 Jude Bellingham Borussia Dortmund Real Madrid 103 milioni 2023
81%
9 Antoine Griezmann Atletico Madrid Barcellona 120 milioni 2019
80%
36 Dušan Vlahović Fiorentina Juventus 81,6 milioni 2022
80%
18 Gareth Bale Tottenham Real Madrid 101 milioni 2013
80%
30 Matthijs de Ligt Ajax Juventus 85,5 milioni 2019
80%
48 Victor Osimhen Napoli Galatasaray 75 milioni 2025
75%
48 Victor Osimhen Lille Napoli 75 milioni 2020
75%
8 Enzo Fernández Benfica Chelsea 121 milioni 2023
74%
29 Frenkie de Jong Ajax Barcellona 86 milioni 2019
74%
10 Jack Grealish Aston Villa Manchester City 117,5 milioni 2021
74%
14 Eden Hazard Chelsea Real Madrid 115 milioni 2019
73%
12 Declan Rice West Ham Arsenal 116,6 milioni 2023
72%
37 Arthur Barcellona Juventus 80,6 milioni 2020
68%
45 Zinédine Zidane Juventus Real Madrid 77,5 milioni 2001
67%
48 Julian Alvarez Manchester City Atletico Madrid 75 milioni 2024
65%
20 Hugo Ekitikè Eintracht Francoforte Liverpool 95 milioni 2025
64%
13 Moisés Caicedo Brighton Chelsea 116 milioni 2023
64%
48 Rasmus Højlund Atalanta Manchester United 75 milioni 2023
64%
28 Harry Maguire Leicester City Manchester United 87 milioni 2019
61%
47 Kevin De Bruyne Wolfsburg Manchester City 76 milioni 2015
61%
20 Antony Ajax Manchester United 95 milioni 2023
60%
31 Jadon Sancho Borussia Dortmund Manchester United 85 milioni 2021
58%
35 Luis Suárez Liverpool Barcellona 81,72 milioni 2014
57%
23 Randal Kolo Muani Eintracht Francoforte PSG 90 milioni 2023
57%
31 Nick Woltemade Stoccarda Newcastle United 85 milioni 2025
55%
40 Kai Havertz Bayer Leverkusen Chelsea 80 milioni 2020
53%
48 Kai Havertz Chelsea Arsenal 75 milioni 2023
53%
46 Benjamin Sesko RB Lipsia Manchester United 76,5 milioni 2025
52%
24 Joško Gvardiol RB Lipsia Manchester City 90 milioni 2023
52%
48 Bryan Mbeumo Brentford Manchester United 75 milioni 2025
50%
39 Aurélien Tchouaméni Monaco Real Madrid 80 milioni 2022
48%
40 Darwin Núñez Benfica Liverpool 80 milioni 2022
48%
40 Nicolas Pépé Lille Arsenal 80 milioni 2019
43%
48 Angel Di Maria Real Madrid Manchester United 75 milioni 2014
40%
48 James Rodríguez Monaco Real Madrid 75 milioni 2014
31%
40 Kepa Arrizabalaga Athletic Bilbao Chelsea 80 milioni 2018
31%
40 Lucas Hernández Atletico Madrid Bayern Monaco 80 milioni 2019
29%
34 Virgil van Dijk Southampton Liverpool 84,65 milioni 2018
29%
38 Wesley Fofana Leicester City Chelsea 80,4 milioni 2022
27%
Nessun quiz corrispondente trovato
Distribuzione punteggi
Percentuale di utenti per punteggio
Percentile per numero di risposta
I tuoi punteggi nel tempo
Non hai fatto questo quiz dall'ultimo reset